Загрузка...
Keralacharithrathile irulatanja edukal/
| Главный автор: | |
|---|---|
| Формат: | Printed Book |
| Язык: | English |
| Опубликовано: |
Kottayam,
National Book Stall,
1953
|
| Предметы: |
| LEADER | 00560 a2200157 4500 | ||
|---|---|---|---|
| 008 | 150103s9999 000 0 eng | ||
| 082 | |a M 954.83 KUN/KE | ||
| 100 | |a Kunjan Pillai,Elamkulam | ||
| 245 | |a Keralacharithrathile irulatanja edukal/ | ||
| 260 | |a Kottayam, |b National Book Stall, |c 1953 | ||
| 300 | |a 232 p.: | ||
| 500 | |a Malayalam | ||
| 650 | |a History Kerala | ||
| 942 | |c BK | ||
| 999 | |c 304702 |d 304702 | ||
| 952 | |0 0 |1 0 |2 ddc |4 0 |6 M_954_830000000000000_KUN_KE |7 0 |9 349277 |a DRA |b DRA |c ST1 |d 2011-08-29 |g 17.00 |i 2694 |l 0 |o M 954.83 KUN/KE |p DRA2694 |r 2019-01-03 |w 2019-01-03 |y BK | ||